LIBRARY & INFORMATION CENTRE, KCAET, TAVANUR

ONLINE PUBLIC ACCESS CATALOGUE (OPAC)

Inspiring Thoughts (Record no. 15673)

MARC details
000 -LEADER
fixed length control field 00336nam a22001457a 4500
003 - CONTROL NUMBER IDENTIFIER
control field OSt
008 - FIXED-LENGTH DATA ELEMENTS--GENERAL INFORMATION
fixed length control field 190527b ||||| |||| 00| 0 eng d
020 ## - INTERNATIONAL STANDARD BOOK NUMBER
ISBN 9788170286844
082 ## - DEWEY DECIMAL CLASSIFICATION NUMBER
Classification number 828
Item number ABD/IN
100 ## - MAIN ENTRY--AUTHOR NAME
Personal name Abdul Kalam, APJ
245 ## - TITLE STATEMENT
Title Inspiring Thoughts
260 ## - PUBLICATION, DISTRIBUTION, ETC. (IMPRINT)
Place of publication Delhi
Name of publisher Rajpal
Year of publication 2015
300 ## - PHYSICAL DESCRIPTION
Number of Pages 104 p.
942 ## - ADDED ENTRY ELEMENTS (KOHA)
Koha item type Books
Holdings
Withdrawn status Lost status Damaged status Home library Current library Date acquired Cost, normal purchase price Full call number Accession Number Koha item type
      KAUAET KAUAET 27/05/2019 150.00 828 ABD/IN 25929 Books
free website counter